000 00535 a2200217 4500
005 20250404104621.0
008 250404b |||||||| |||| 00| 0 eng d
020 _a9789352833979
_cRs. 1050.00
040 _aMAIN
082 _a620.105
_bK529T(26)
100 _aKhurmi, R S
110 _aKhurmi, R S
245 _aTextbook of Strenght of Materials
250 _a26th
260 _bS Chand
_c2022
_aNoida
300 _axvi, 814
650 _aEngineering
650 _aStrength Materials
700 _aKhurmi, N
942 _cBK
999 _c386576
_d386576